Culture Générale - Série 2327 - Statistiques

Statistiques générales
  • Ce quiz a été pris 157 fois
  • Le résultat moyen est 4 sur 10
Statistiques - réponses
Question Réponse % Correct
Sous quel nom connaissait-on mieux Vladimir Ilitch Oulianov (1870-1924) ? voir photo Lénine
86%
Quel est le dernier vainqueur français du Tour de France cycliste en 1985 ? prénom et nom Bernard Hinault
58%
Trouvez le nom du beignet japonais anagramme de "amputer" . tempura
53%
Quelle est la Préfecture du Loir et Cher ? Blois
44%
Grand arbre des régions tropicales, à racines aériennes (mangrove) - anagramme "repleuvait" palétuvier
34%
Complétez le titre de la chanson de Mort Shuman des années 1970 " Un été de ... porcelaine
34%
Discours, écrit confus, incompréhensible - 10 lettres commençant par " g " galimatias
26%
Qui incarne le facteur Cheval dans le film "L'incroyable histoire du facteur Cheval", réalisé en 2019 par Nils Tavernier ? prénom et nom Jacques Gamblin
12%
Jeune homme qui se fait remarquer par ses manières trop galantes (familier et péjoratif) - 10 lettres commençant par " g " godelureau
5%
Sous quel prénom et nom connait-on mieux l'acteur français Christophe Gintzburger, né en 1957 ? Christophe Bourseiller
4%
Aucun quiz correspondant
Distribution des résultats
% des personnes avec chaque résultat
Percentile par nombre de réponses
Votre historique - résultats
Vous n’avez pas pris ce quiz